| 000 | 00940nam a22002537a 4500 | ||
|---|---|---|---|
| 005 | 20130610122044.0 | ||
| 010 | _aB-492660 | ||
| 020 |
_a9788177585421 _c750.00 |
||
| 035 | _aB-492660 | ||
| 035 | _aB-524135-136 | ||
| 037 | _bAllied Pub | ||
| 037 | _bK.K.Pub/Ven | ||
| 082 | _a547 | ||
| 100 | _aFinar, I. L. | ||
| 245 |
_aOrganic Chemistry : _cby I. L. Finar _bFundamental principles / |
||
| 250 | _a6th ed. | ||
| 260 |
_aNew Delhi _bDorling Kindersley(India) with Pearson Education _c2013 |
||
| 270 |
_a11, community centre, panchsheel Park _bNew Delhi |
||
| 300 |
_a965p _c25 cm (pb) |
||
| 500 | _aVol. -I Rs. 750.00 | ||
| 942 |
_2ddc _cEN _mFIN _h547 |
||
| 999 |
_c73894 _d73894 |
||